00619naa a2200181 a 450000100080000000500110000800800410001910000190006024500740007926000090015365000250016265000320018765000200021965000120023965300160025165300100026777301600027710262322025-05-15 2025 bl uuuu u00u1 u #d1 aGAIGHER, S. V. aRaizes da vidaba jovem Clara Volpato Gaigher.h[electronic resource] c2025 aEducação Agrícola aFixação do Homem No Campo aJuventude Rural aTurismo aAgroturismo aMepes tIn: SANTOS, V. L. M. (Org.). Jovens rurais capixabas : projetos de vida e sucessão familiar. Vitória, ES : Incaper, 2025. Secao 2, Cap. 6, p. 81-86, 2025